000 00465nam a2200169Ia 4500
005 20260415160334.0
008 008 250505s9999 xx 000 0 eng d
037 _aTextual
040 _aFEDL
_beng
_cFEDL
041 _aeng
_2eng
084 _a504 SCI
_qFEDL
245 0 _aScience broadcasts, V 2
260 _aWorcester, UK
_bLittlebury and Company Ltd.
300 _a106p
942 _cTEXL
_h504 SCI
999 _c1321845
_d1321845